|
|
|
|
| LEADER |
00000nam0a2200000 4500 |
| 001 |
164357 |
| 005 |
20231031161220.0 |
| 010 |
|
|
|a 5806601463
|
| 020 |
|
|
|a RU
|b 92-16988
|
| 035 |
|
|
|a (RuTPU)RU\TPU\book\178310
|
| 090 |
|
|
|a 164357
|
| 100 |
|
|
|a 20090904d1991 k a0rusy5003 ca
|
| 101 |
0 |
|
|a rus
|
| 102 |
|
|
|a AZ
|
| 105 |
|
|
|a a z 001zy
|
| 200 |
1 |
|
|a Актуальные проблемы радиационных исследований
|e сборник статей
|f под ред. М. К. Керимова
|
| 210 |
|
|
|a Баку
|c Элм
|d 1991
|
| 215 |
|
|
|a 128 с.
|c ил.
|d 20 см
|
| 320 |
|
|
|a Библиогр. в конце ст.
|
| 610 |
1 |
|
|a радиационная физика
|
| 610 |
1 |
|
|a радиационная химия
|
| 610 |
1 |
|
|a актуальные проблемы
|
| 610 |
1 |
|
|a твердые тела
|
| 610 |
1 |
|
|a катализаторы
|
| 610 |
1 |
|
|a адсорбированные молекулы
|
| 610 |
1 |
|
|a жидкости
|
| 610 |
1 |
|
|a газы
|
| 610 |
1 |
|
|a живые организмы
|
| 675 |
|
|
|a 539.16.04
|z rus
|
| 702 |
|
1 |
|a Керимов
|b М. К.
|4 340
|
| 801 |
|
0 |
|a RU
|b RuMRKP
|c 19960705
|g psbo
|
| 801 |
|
1 |
|a RU
|b 63413507
|c 20090904
|
| 801 |
|
2 |
|a RU
|b 63413507
|c 20170831
|g RCR
|
| 942 |
|
|
|c BK
|